| 000 | 01030nas a2200349 4500 | ||
|---|---|---|---|
| 001 | BR0402399 | ||
| 003 | BR-BrBNA | ||
| 005 | 20231205104521.0 | ||
| 007 | ta | ||
| 008 | 230509b bl.|||p| |||| 00| 00por d | ||
| 040 |
_aBR-BrBNA _bpor _cBiblioteca Nacional de Agricultura |
||
| 041 | _a(Pt) | ||
| 072 | _aF04 | ||
| 100 | 1 | _aBlum, L.E.B. | |
| 100 | 1 | _aKothe, D.M. | |
| 100 | 1 | _aSimmler, A.O. | |
| 100 | 1 | _aPrado, G. do | |
| 100 | 1 | _aAmarante, C.V.T. do | |
| 245 | 1 | _aManejo do tombamento em pepino pela adição ao solo de cama de aviário e casca de pinus | |
| 650 | _aPEPINO | ||
| 650 | _aFERTILIDADE DO SOLO | ||
| 650 | _aFERTILIZANTE NITROGENADO | ||
| 650 | _aADUBAÇÃO | ||
| 650 | _aADUBO ORGÂNICO | ||
| 650 | _aCAMA DE GALINHEIRO | ||
| 650 | _aPINHEIRO | ||
| 650 | _aCASCA | ||
| 650 | _aTOMBAMENTO DE PLANTA | ||
| 773 | 0 |
_tRevista de Ciências Agroveterinárias (Brazil) _xISSN 1676-9732 _g(2002), v. 1(1) p. 33-40 _wBR0402399 |
|
| 909 |
_a202311 _bLúcia _c55 _dLúcia Elande |
||
| 942 |
_2AGRIS _n0 _cANA |
||
| 999 |
_c178502 _d178502 |
||